Rollercoaster -Jonas Brothers - Statistics

General Stats
  • This quiz has been taken 51 times
  • The average score is 241 of 314
Answer Stats
Answer % Correct
i
98%
a
93%
we
93%
were
93%
and
91%
down
91%
in
89%
up
89%
you
89%
but
87%
But
87%
days
87%
it
87%
older
87%
rollercoaster
87%
that
87%
when
87%
begins
85%
happiness
85%
no
85%
now
85%
the
85%
those
85%
young
85%
back
83%
over
83%
ride
83%
ten
83%
fun
80%
id
80%
was
80%
am
78%
california
78%
California
78%
to
78%
two
78%
nearly
76%
with
76%
broke
74%
go
74%
made
74%
remember
74%
Flying
72%
flying
72%
barely
70%
hands
70%
lows
70%
glow
67%
highs
67%
Nights
65%
nights
65%
pretend
65%
skies
65%
lifted
63%
our
63%
palms
63%
seem
63%
just
61%
they
59%
threw
59%
haze
57%
still
52%
phase
50%
better
46%
oh
43%
me
41%
life
39%
clouds
37%
come
35%
found
35%
upside
35%
out
33%
yeah
33%
changed
30%
for
30%
hear
30%
led
28%
faith
26%
ground
26%
reaching
26%
around
24%
everythings
22%
world
22%
his
15%
Woo-ooh-ooh-ooh
4%
rollercoster
2%
sund
0%
No matching quizzes found
Score Distribution
Percent of People with Each Score
Percentile by Number Answered
Your Score History
You have not taken this quiz